Tilastot visalle Suomen kunnat 2017

Klikkaa tästä pelataksesi tätä visaa!

Yleistilastot

  • Tätä visaa on pelattu 10,592 kertaa
  • Keskiarvotulos 164 / 311

Vastaustilastot

maakunta kunta % Correct
UusimaaHelsinki
94%
Pohjois-PohjanmaaOulu
92%
UusimaaEspoo
92%
Varsinais-SuomiTurku
91%
PirkanmaaTampere
91%
UusimaaVantaa
91%
Keski-SuomiJyväskylä
89%
SatakuntaPori
89%
Pohjois-PohjanmaaIi
89%
LappiRovaniemi
88%
Pohjois-SavoKuopio
87%
PohjanmaaVaasa
87%
Päijät-HämeLahti
87%
Pohjois-KarjalaJoensuu
86%
Etelä-KarjalaLappeenranta
86%
Kanta-HämeHämeenlinna
86%
LappiKemi
85%
AhvenanmaaMaarianhamina
85%
KymenlaaksoKouvola
84%
KymenlaaksoKotka
83%
Etelä-PohjanmaaSeinäjoki
83%
KainuuKajaani
81%
SatakuntaRauma
81%
Keski-PohjanmaaKokkola
81%
Etelä-SavoMikkeli
81%
LappiTornio
80%
UusimaaPorvoo
80%
LappiInari
79%
Etelä-KarjalaImatra
78%
UusimaaHanko
77%
Etelä-SavoSavonlinna
76%
Varsinais-SuomiSalo
74%
KymenlaaksoHamina
74%
UusimaaKauniainen
74%
UusimaaKerava
73%
Pohjois-PohjanmaaKuusamo
73%
LappiUtsjoki
73%
UusimaaHyvinkää
73%
Kanta-HämeRiihimäki
72%
Pohjois-SavoIisalmi
72%
UusimaaLohja
71%
PirkanmaaNokia
71%
Varsinais-SuomiNaantali
71%
PirkanmaaAkaa
71%
UusimaaJärvenpää
70%
LappiEnontekiö
70%
Kanta-HämeForssa
70%
Päijät-HämeHeinola
70%
Keski-SuomiJämsä
68%
LappiKittilä
68%
Pohjois-PohjanmaaRaahe
68%
LappiSodankylä
67%
LappiSalla
67%
LappiKemijärvi
66%
Päijät-HämeHollola
66%
UusimaaSipoo
66%
Varsinais-SuomiUusikaupunki
65%
Pohjois-SavoVarkaus
65%
Keski-SuomiÄänekoski
65%
Etelä-PohjanmaaLapua
65%
UusimaaTuusula
65%
KainuuSotkamo
65%
UusimaaKirkkonummi
65%
LappiMuonio
64%
Etelä-PohjanmaaÄhtäri
64%
PirkanmaaYlöjärvi
64%
SatakuntaEura
63%
PirkanmaaSastamala
63%
PirkanmaaOrivesi
63%
Päijät-HämeOrimattila
63%
Pohjois-PohjanmaaKempele
63%
PirkanmaaLempäälä
63%
PohjanmaaKristiinankaupunki
63%
KainuuKuhmo
62%
UusimaaNurmijärvi
62%
UusimaaLoviisa
62%
Pohjois-PohjanmaaKalajoki
62%
LappiRanua
61%
Etelä-PohjanmaaAlajärvi
61%
Etelä-PohjanmaaAlavus
61%
UusimaaRaasepori
61%
Pohjois-PohjanmaaYlivieska
61%
Etelä-PohjanmaaKauhava
61%
LappiPello
61%
LappiYlitornio
61%
PohjanmaaPietarsaari
61%
Pohjois-KarjalaLieksa
60%
LappiKolari
60%
Varsinais-SuomiLoimaa
60%
UusimaaVihti
60%
UusimaaKarkkila
60%
Pohjois-PohjanmaaOulainen
60%
Keski-SuomiKeuruu
60%
PirkanmaaPirkkala
59%
UusimaaMäntsälä
59%
Pohjois-KarjalaKitee
58%
Varsinais-SuomiRaisio
58%
Varsinais-SuomiKaarina
58%
Päijät-HämeAsikkala
58%
LappiSimo
57%
PirkanmaaIkaalinen
57%
Pohjois-SavoSiilinjärvi
57%
Pohjois-KarjalaNurmes
57%
PirkanmaaKangasala
57%
PirkanmaaVirrat
57%
Etelä-PohjanmaaKauhajoki
57%
Pohjois-KarjalaIlomantsi
56%
Kanta-HämeJanakkala
56%
LappiKeminmaa
56%
PirkanmaaValkeakoski
55%
Keski-SuomiSaarijärvi
55%
PirkanmaaParkano
55%
Etelä-PohjanmaaVimpeli
55%
UusimaaInkoo
54%
Pohjois-PohjanmaaHaapajärvi
54%
Varsinais-SuomiAura
54%
Pohjois-PohjanmaaHaapavesi
54%
Etelä-SavoPieksämäki
54%
LappiPosio
54%
Pohjois-PohjanmaaPyhäjärvi
54%
Pohjois-PohjanmaaAlavieska
54%
PirkanmaaHämeenkyrö
54%
Keski-SuomiMuurame
54%
SatakuntaEurajoki
54%
AhvenanmaaEckerö
54%
SatakuntaNakkila
54%
Pohjois-SavoTervo
53%
Kanta-HämeHattula
53%
Etelä-PohjanmaaKurikka
53%
PohjanmaaUusikaarlepyy
53%
Keski-SuomiLaukaa
53%
PirkanmaaMänttä-Vilppula
52%
UusimaaAskola
52%
SatakuntaUlvila
52%
Etelä-PohjanmaaIlmajoki
52%
KainuuSuomussalmi
51%
Etelä-SavoJuva
51%
Keski-PohjanmaaKaustinen
51%
Etelä-PohjanmaaLappajärvi
51%
LappiSavukoski
51%
Pohjois-PohjanmaaPyhäjoki
51%
Varsinais-SuomiLieto
51%
SatakuntaKankaanpää
51%
KymenlaaksoIitti
51%
Pohjois-PohjanmaaLiminka
50%
SatakuntaHuittinen
50%
Etelä-PohjanmaaKuortane
50%
Keski-SuomiViitasaari
50%
Keski-SuomiJoutsa
50%
Keski-PohjanmaaVeteli
50%
Keski-SuomiPihtipudas
49%
Pohjois-PohjanmaaPudasjärvi
49%
Kanta-HämeHumppila
49%
Etelä-KarjalaParikkala
49%
Etelä-KarjalaLemi
49%
Etelä-PohjanmaaEvijärvi
49%
Keski-SuomiKyyjärvi
49%
PohjanmaaNärpiö
48%
Pohjois-KarjalaOutokumpu
48%
Keski-SuomiUurainen
48%
KymenlaaksoPyhtää
48%
Keski-PohjanmaaKannus
48%
LappiTervola
48%
Etelä-SavoJoroinen
48%
Pohjois-SavoSuonenjoki
48%
Varsinais-SuomiParainen
48%
Kanta-HämeJokioinen
48%
SatakuntaMerikarvia
47%
Keski-SuomiKarstula
47%
Päijät-HämeHartola
47%
UusimaaPornainen
47%
Pohjois-KarjalaJuuka
47%
PohjanmaaKaskinen
47%
Etelä-SavoHeinävesi
47%
UusimaaSiuntio
47%
Kanta-HämeLoppi
47%
PohjanmaaLaihia
47%
Päijät-HämeSysmä
47%
PohjanmaaMustasaari
47%
Pohjois-PohjanmaaTaivalkoski
46%
Etelä-PohjanmaaIsojoki
46%
LappiPelkosenniemi
46%
Kanta-HämeYpäjä
46%
Pohjois-KarjalaLiperi
46%
KainuuVaala
46%
KainuuPaltamo
45%
Pohjois-PohjanmaaSiikajoki
45%
PirkanmaaRuovesi
45%
Keski-SuomiHankasalmi
45%
Pohjois-PohjanmaaNivala
45%
Pohjois-PohjanmaaMuhos
45%
Pohjois-KarjalaKontiolahti
45%
KainuuPuolanka
45%
Pohjois-PohjanmaaHailuoto
45%
Keski-SuomiKuhmoinen
45%
SatakuntaHarjavalta
45%
Varsinais-SuomiMasku
45%
Pohjois-SavoLapinlahti
44%
PohjanmaaPedersören kunta
44%
KymenlaaksoMiehikkälä
44%
UusimaaMyrskylä
44%
SatakuntaKarvia
44%
Etelä-SavoMäntyharju
44%
Keski-PohjanmaaHalsua
44%
Pohjois-PohjanmaaSiikalatva
43%
KymenlaaksoVirolahti
43%
Varsinais-SuomiSomero
43%
Varsinais-SuomiKemiönsaari
43%
Varsinais-SuomiMynämäki
43%
Etelä-PohjanmaaSoini
43%
Etelä-PohjanmaaTeuva
43%
PirkanmaaJuupajoki
43%
Kanta-HämeTammela
43%
Etelä-SavoPuumala
43%
KainuuHyrynsalmi
43%
UusimaaLapinjärvi
43%
Varsinais-SuomiLaitila
43%
Varsinais-SuomiOripää
42%
Päijät-HämePadasjoki
42%
AhvenanmaaGeta
42%
Etelä-KarjalaLuumäki
42%
SatakuntaPomarkku
42%
PirkanmaaUrjala
42%
Pohjois-SavoKiuruvesi
42%
PohjanmaaVöyri
42%
Pohjois-PohjanmaaSievi
42%
Etelä-SavoEnonkoski
42%
Pohjois-PohjanmaaPyhäntä
42%
Keski-PohjanmaaPerho
42%
Keski-SuomiKonnevesi
41%
Keski-PohjanmaaToholampi
41%
SatakuntaKokemäki
41%
Kanta-HämeHausjärvi
41%
PohjanmaaIsokyrö
41%
KainuuRistijärvi
41%
Pohjois-KarjalaTohmajärvi
41%
Varsinais-SuomiPaimio
41%
Pohjois-SavoRautavaara
41%
Pohjois-PohjanmaaLumijoki
41%
Pohjois-PohjanmaaReisjärvi
41%
Keski-SuomiKinnula
41%
Keski-SuomiKivijärvi
41%
Etelä-KarjalaSavitaipale
41%
Pohjois-SavoPielavesi
41%
SatakuntaSiikainen
40%
Pohjois-PohjanmaaKärsämäki
40%
PohjanmaaMaalahti
40%
SatakuntaJämijärvi
40%
Pohjois-SavoKeitele
40%
PirkanmaaPunkalaidun
40%
PirkanmaaPälkäne
40%
SatakuntaSäkylä
39%
Varsinais-SuomiKustavi
39%
AhvenanmaaBrändö
39%
SatakuntaHonkajoki
39%
Etelä-PohjanmaaKarijoki
39%
AhvenanmaaJomala
39%
Etelä-SavoHirvensalmi
39%
Pohjois-SavoRautalampi
39%
Etelä-SavoPertunmaa
39%
Pohjois-PohjanmaaTyrnävä
39%
Keski-PohjanmaaLestijärvi
38%
Keski-SuomiLuhanka
38%
PohjanmaaKruunupyy
38%
PohjanmaaLuoto
38%
Päijät-HämeKärkölä
38%
Pohjois-KarjalaValtimo
38%
Keski-SuomiMultia
38%
Pohjois-SavoLeppävirta
38%
Etelä-KarjalaTaipalsaari
38%
Etelä-SavoSulkava
37%
Keski-SuomiKannonkoski
37%
UusimaaPukkila
37%
PirkanmaaVesilahti
37%
Keski-SuomiToivakka
37%
PirkanmaaKihniö
37%
Etelä-KarjalaRautjärvi
37%
Pohjois-SavoSonkajärvi
37%
Etelä-KarjalaRuokolahti
37%
Keski-SuomiPetäjävesi
36%
AhvenanmaaSottunga
36%
Pohjois-KarjalaRääkkylä
36%
AhvenanmaaLumparland
36%
Pohjois-PohjanmaaUtajärvi
36%
Varsinais-SuomiPöytyä
36%
Etelä-SavoKangasniemi
36%
AhvenanmaaFöglö
36%
AhvenanmaaSund
36%
Pohjois-SavoVieremä
36%
Varsinais-SuomiNousiainen
35%
Etelä-SavoRantasalmi
35%
Varsinais-SuomiVehmaa
35%
Pohjois-KarjalaPolvijärvi
35%
Pohjois-SavoKaavi
35%
Varsinais-SuomiKoski Tl
35%
AhvenanmaaKökar
34%
Pohjois-PohjanmaaMerijärvi
34%
AhvenanmaaHammarland
34%
PohjanmaaKorsnäs
33%
AhvenanmaaKumlinge
33%
AhvenanmaaLemland
33%
Varsinais-SuomiPyhäranta
32%
Varsinais-SuomiMarttila
32%
Varsinais-SuomiSauvo
32%
Varsinais-SuomiTaivassalo
32%
Pohjois-SavoVesanto
32%
AhvenanmaaVårdö
32%
AhvenanmaaSaltvik
31%
Pohjois-SavoTuusniemi
31%
AhvenanmaaFinström
31%
Varsinais-SuomiRusko
30%

Tulosjakauma

Persentiili vastausten määrän mukaan

Jokaisen tuloksen saaneiden osuus

Tuloshistoriasi

Et ole pelannut tätä visaa